Easy Flute Tunes / (Record no. 49501)
| 000 -LEADER | |
|---|---|
| fixed length control field | 00543nam a2200145 4500 |
| 020 ## - INTERNATIONAL STANDARD BOOK NUMBER | |
| International Standard Book Number | 9780746017371 |
| 100 ## - MAIN ENTRY--PERSONAL NAME | |
| Personal name | Elliot, Katie, |
| Relator term | author. |
| 9 (RLIN) | 86658 |
| 245 ## - TITLE STATEMENT | |
| Title | Easy Flute Tunes / |
| Statement of responsibility, etc | by Katie Elliot and Emma Danes. |
| 260 ## - PUBLICATION, DISTRIBUTION, ETC. (IMPRINT) | |
| Place of publication, distribution, etc | London : |
| Name of publisher, distributor, etc | Usborne Publishing House ; |
| Date of publication, distribution, etc | 1994. |
| 300 ## - PHYSICAL DESCRIPTION | |
| Extent | 48 pages. |
| Other physical details | 8.5 x 0.25 x 11.25 inches. |
| 490 ## - SERIES STATEMENT | |
| Series statement | Tunebooks |
| 500 ## - GENERAL NOTE | |
| General note | Tells how to play a flute and provides a collection of simple tunes based on a variety of different types of music. |
| 650 ## - SUBJECT ADDED ENTRY--TOPICAL TERM | |
| 9 (RLIN) | 15404 |
| Topical term or geographic name as entry element | Musical instruments. |
| 942 ## - ADDED ENTRY ELEMENTS (KOHA) | |
| Source of classification or shelving scheme | |
| Koha item type | Book |
| Withdrawn status | Lost status | Source of classification or shelving scheme | Damaged status | Not for loan | Home library | Current library | Date acquired | Total Checkouts | Full call number | Barcode | Date last seen | Price effective from | Koha item type |
|---|---|---|---|---|---|---|---|---|---|---|---|---|---|
| Logos International School | Logos International School | 09/03/2025 | J 788.3 ELL | 042960 | 09/08/2025 | 09/03/2025 | Book |